| 000 | 00494nam a2200181Ia 4500 | ||
|---|---|---|---|
| 001 | 23471 | ||
| 003 | GE_BSU | ||
| 008 | 181216s||||||||xx |||||||||||||| ||und|| | ||
| 040 | _cGE_BSU | ||
| 245 | _aგადასახადები #18. 2018 | ||
| 260 | _aთბილისი | ||
| 260 | _c2018წელი | ||
| 300 | _bcd | ||
| 653 | _acd | ||
| 653 | _aგადასახადები #18. 2018 | ||
| 653 | _aელექტრონული ჟურნალი | ||
| 942 | _cCF | ||
| 999 |
_c56358 _d56358 |
||